000 00659cab a2200205 4500
001 ABS51457
008 090401t1994 xxu||||| |||| 00| 0 eng d
035 _a(Sirsi) u28084
041 _aeng
100 _aMasson, D.
245 _aValue management: meeting the challenge of the 90s and beyond
260 _c1994
350 _a0
490 _aCSM (Chartered Surveyor Monthly)
_v3(11) September 1994, 42-43(2)
520 _aDiscusses the concept of value management as a management technique. Considers its role in the oil and gas industries.
650 _aVALUE MANAGEMENT
690 _aProject management
_96261
942 _n0
948 _c04/03/1997
999 _c18939
_d18939